| 000 | 00512nam a2200169Ia 4500 | ||
|---|---|---|---|
| 003 | GCL | ||
| 008 | 140319s9999 xx 000 0 ara d | ||
| 040 |
_aGCL / _cGCL |
||
| 082 | 0 | 4 |
_a811.9 _bم ر |
| 100 | 1 | _aمحمد احمد الغرباوى | |
| 245 | 1 | 0 |
_aرائحة الارض و عناق التوت: شعر / _cمحمد احمد الغرباوى |
| 300 | _a173 ص | ||
| 490 | _a | ||
| 650 | 0 | 4 | _aالادب العربى |
| 650 | 0 | 4 | _aالشعر العربى - دواوين وقصائد |
| 942 |
_2ddc _cBK |
||
| 999 |
_c45151 _d45151 |
||